Hank Paulson (Record no. 201478)

MARC details
000 -LEADER
fixed length control field 00628nam a2200205Ia 4500
008 - FIXED-LENGTH DATA ELEMENTS--GENERAL INFORMATION
fixed length control field 191130s2010##################000#0#eng##
020 ## - INTERNATIONAL STANDARD BOOK NUMBER
ISBN 9780755360543
082 ## - DEWEY DECIMAL CLASSIFICATION NUMBER
Classification number 330.9730932
100 ## - MAIN ENTRY--AUTHOR NAME
Personal name Paulson, Henry M
245 ## - TITLE STATEMENT
Title Hank Paulson
Statement of responsibility, etc Henry M Paulson
260 ## - PUBLICATION, DISTRIBUTION, ETC. (IMPRINT)
Place of publication London
Name of publisher Business Plus
Year of publication 2010
300 ## - PHYSICAL DESCRIPTION
Number of Pages xiv, 458 p., [16] p. of plates : ill
650 ## - SUBJECT ADDED ENTRY--TOPICAL TERM
Topical Term Global Financial Crisis, 2008-2009
Topical Term Paulson, Henry M., -- 1946-
Topical Term United States. -- Dept. of the Treasury -- Biography
991 ## -
-- 121870
Holdings
Withdrawn status Lost status Damaged status Not for loan Home library Current library Shelving location Date acquired Full call number Accession Number Price effective from Koha item type
        Anna Centenary Library Anna Centenary Library 4TH FLOOR, A WING 13.10.2020 330.9730932 363643 13.10.2020 English Books

Find us on the map